| 000 | 01427nam a22003017a 4500 | ||
|---|---|---|---|
| 001 | 426 | ||
| 003 | OSt | ||
| 005 | 20250616145207.0 | ||
| 008 | 250616b |||||||g |||| 00| 0 eng d | ||
| 020 | _a9788576792406 | ||
| 040 | _bpor | ||
| 041 |
_heng _apor |
||
| 082 |
_a158.1 _bH647r |
||
| 100 | 1 |
_aHill, Napoleon, _d1883-1970 _9916 |
|
| 240 | _aNapoleon Hill's Golden Rules / | ||
| 245 |
_aAs regras de ouro de Napoleon Hill : _bOs escritos perdidos / _cHill, Napoleon; Tradução de Grace Khawaili |
||
| 260 |
_aOsasco _bNovo Século _c2009 |
||
| 300 | _a206 p. | ||
| 520 | _a'As Regras de Ouro de Napoleon Hill - Os Escritos Perdidos' reúne uma série de artigos que o autor escreveu entre 1919 e 1923 para revistas publicadas por ele. Os artigos focam na filosofia de Napoleon Hill sobre o sucesso e o potencial humano. A carreira de Napoleon Hill como escritor teve início na revista Bob Taylor´s Magazine. Seu dever era escrever histórias de sucesso. Quando foi enviado para entrevistar Andrew Carnegie, Hill foi desafiado a entrevistar pessoas bem-sucedidas e a desenvolver uma filosofia para o sucesso. | ||
| 650 | 0 |
_aLiteratura Americana _984 |
|
| 650 | 0 |
_aDesenvolvimento Pessoal _9546 |
|
| 650 | 0 |
_aFilosofia do sucesso _9918 |
|
| 650 | 0 |
_aNapoleon Hil _9920 |
|
| 650 | 0 |
_aCarreira e liderança _9919 |
|
| 655 | 0 |
_aNão Ficção _9102 |
|
| 700 |
_aKhawaili, Grace _eTRADUTOR _9917 |
||
| 942 |
_2ddc _n0 _cBK |
||
| 999 |
_c426 _d426 |
||